header

The east Florida expeditions of Clarence Bloomfield Moore (Record no. 183158)

MARC details
000 -LEADER
fixed length control field 01827nam a2200385Ia 4500
100 1# - MAIN ENTRY--AUTHOR NAME
Personal name Moore, Clarence B.
245 14 - TITLE STATEMENT
Title The east Florida expeditions of Clarence Bloomfield Moore
260 ## - PUBLICATION, DISTRIBUTION, ETC. (IMPRINT)
Place of publication Tuscaloosa :
Name of publisher University of Alabama Press,
Year of publication c1999.
300 ## - PHYSICAL DESCRIPTION
Number of Pages viii, 432 p. :
Other physical details ill., maps.
490 1# - SERIES STATEMENT
Series statement Classics in southeastern archaeology
500 ## - GENERAL NOTE
General note Reprint of works originally published 1892-1903.
650 #0 - SUBJECT ADDED ENTRY--TOPICAL TERM
Topical Term Indians of North America
Topical Term Archaeological expeditions
Topical Term Excavations (Archaeology)
700 1# - ADDED ENTRY--PERSONAL NAME
Personal name Mitchem, Jeffrey M.
856 40 - ELECTRONIC LOCATION AND ACCESS
Uniform Resource Identifier http://site.ebrary.com/lib/rucke/Doc?id=10408825

No items available.

© 2026 Rongo University
Contact us: librarian | system librarian | Rongo university